Basic genetics : a human approach /

Bibliographic Details
Corporate Author: Biological Sciences Curriculum Study
Format: Book
Language:English
Published: Dubuque, Ia : Kendall/Hunt Publishing Co., 1983.
Subjects:

MARC

Tag First Indicator Second Indicator Subfields
LEADER 00000cam a2200000 a 4500
001 in00000019766
005 20151007053722.0
008 850307s1983 iaua b 00010 eng d
020 |a 0840330111 
035 |a (OCoLC)11776067 
035 |9 AAB2591AM 
040 |a SCL  |c SCL  |d m/c  |d TXA  |d UtOrBLW 
049 |a TXAM  |c [A11072164] 
050 4 |a QH431  |b .B37 1983 
245 0 0 |a Basic genetics :  |b a human approach /  |c The Center for Education in Human and Medical Genetics. 
264 1 |a Dubuque, Ia :  |b Kendall/Hunt Publishing Co.,  |c 1983. 
300 |a 119 pages :  |b illustrations ;  |c 28 cm. 
336 |a text  |b txt  |2 rdacontent 
337 |a unmediated  |b n  |2 rdamedia 
338 |a volume  |b nc  |2 rdacarrier 
500 |a "A continuing program of the BSCS." 
500 |a This work was supported by the Development in Science Education Program of the Nationl Science Foundation, Grant Number SED-7918983. 
504 |a Includes bibliographical references. 
650 0 |a Human genetics. 
650 0 |a Genetics. 
710 2 |a Biological Sciences Curriculum Study. 
999 |a MARS 
999 f f |s 1d0ca8a9-000d-3c49-bcd4-78a8c0732394  |i 8ae9f3b9-5030-33c8-a868-ab9f45aba072  |t 0 
952 f f |p ric  |a Texas A&M University  |b Rellis Campus  |c Joint Library Facility  |d Remote Storage  |t 0  |e QH431 .B37 1983  |h Library of Congress classification  |i unmediated -- volume  |m A14811072164 
998 f f |a QH431 .B37 1983  |t 0  |l Remote Storage